|
|
|
|
| LEADER |
00000nam a2200000 4500 |
| 001 |
vtls012013642 |
| 003 |
SK-MaSNL |
| 005 |
20260301080452.0 |
| 007 |
co cg auuua |
| 008 |
210208s2019 xo | fqp 000 0 slo |
| 015 |
|
|
|a SNBS2021
|
| 020 |
|
|
|a 9788081527944
|q (elektronická kniha)
|
| 040 |
|
|
|a SNK
|b slo
|c SNK
|e rda
|
| 041 |
0 |
|
|a slo
|
| 044 |
|
|
|a xo
|c SK
|
| 072 |
|
7 |
|a 546
|x Anorganická chémia
|2 konspekt
|
| 080 |
|
|
|a (076.5)
|2 2011
|
| 080 |
|
|
|a 546
|2 2011
|
| 080 |
|
|
|a (075.8)
|2 2011
|
| 080 |
|
|
|a (0.034.44)
|2 2011
|
| 100 |
1 |
|
|a Vargová, Zuzana,
|d 1971-
|4 aut
|9 402213
|
| 245 |
1 |
0 |
|a Základné laboratórne cvičenia z anorganickej chémie
|c Zuzana Vargová, Miroslav Almáši, Juraj Kuchár, Jana Dinajová
|
| 250 |
|
|
|a Vydanie: prvé
|
| 264 |
|
1 |
|a Košice
|b Univerzita Pavla Jozefa Šafárika v Košiciach, Vydavateľstvo ŠafárikPress
|c 2019
|
| 300 |
|
|
|a 1 CD-ROM
|b farebný
|c 12 cm
|
| 336 |
|
|
|a text
|b txt
|2 rdacontent
|
| 337 |
|
|
|a počítač
|b c
|2 rdamedia
|
| 338 |
|
|
|a počítačový disk
|b cd
|2 rdacarrier
|
| 347 |
|
|
|a textový súbor
|b PDF
|2 rda
|
| 504 |
|
|
|a Obsahuje bibliografiu
|
| 536 |
|
|
|a Projekt KEGA 008UPJŠ-4/2018
|
| 650 |
0 |
7 |
|a laboratórne cvičenia
|2 SNKPH
|9 375895
|
| 650 |
0 |
7 |
|a anogranická chémia
|2 SNKPH
|9 402214
|
| 650 |
0 |
7 |
|a Laboratory manuals
|2 SNKPHeng
|9 402215
|
| 650 |
0 |
7 |
|a Inorganic chemistry
|2 SNKPHeng
|9 265250
|
| 655 |
|
7 |
|a CD-ROM
|2 SNKPH
|9 70236
|
| 655 |
|
7 |
|a učebnice vysokých škôl
|2 SNKPH
|9 70191
|
| 655 |
|
7 |
|a Textbooks (higher)
|2 SNKPHeng
|9 276436
|
| 700 |
1 |
|
|a Almáši, Miroslav,
|d 1987-
|4 aut
|9 402216
|
| 700 |
1 |
|
|a Kuchár, Juraj,
|d 1976-
|4 aut
|9 402217
|
| 700 |
1 |
|
|a Dinajová, Jana
|4 aut
|9 402218
|
| 856 |
4 |
1 |
|u www.unibooks.upjs.sk
|
| 919 |
|
|
|a 978-80-8152-794-4
|
| 958 |
|
|
|a NB
|
| 999 |
|
|
|c 653265
|d 655195
|
| 952 |
|
|
|a SNK
|b SNK
|y PREZ
|7 0
|p 17A1448854
|o snkSCDM 11420
|i snk2021/516
|8 0
|0 0
|1 0
|4 0
|d 2021-02-08
|l 0
|r 2026-02-23 18:28:09
|w 2026-02-23
|
| 952 |
|
|
|t snkZAK 546
|a SNKMST
|b SNKMST
|y PREZ
|7 0
|p 17A1448855
|o snkSCDM 11420 D1
|i snk2021/518
|8 0
|0 0
|1 0
|4 0
|d 2021-02-08
|l 0
|r 2025-08-11 00:00:00
|w 2026-02-23
|